LEADER 03382nam 22007093u 450 001 9910457432403321 005 20210107014321.0 010 $a1-283-31459-2 010 $a9786613314598 010 $a90-272-8158-0 035 $a(CKB)2550000000064023 035 $a(EBL)794779 035 $a(OCoLC)759101574 035 $a(SSID)ssj0000633603 035 $a(PQKBManifestationID)11389696 035 $a(PQKBTitleCode)TC0000633603 035 $a(PQKBWorkID)10632875 035 $a(PQKB)11581427 035 $a(MiAaPQ)EBC794779 035 $a(EXLCZ)992550000000064023 100 $a20130418d1975|||| u|| | 101 0 $aeng 135 $aur|n|---||||| 181 $ctxt 182 $cc 183 $acr 200 10$aComponential Analysis of Lushai Phonology$b[electronic resource] 210 $aAmsterdam/Philadelphia $cJohn Benjamins Publishing Company$d1975 215 $a1 online resource (153 p.) 225 0 $aAmsterdam studies in the theory and history of linguistic science : series 4, Current issues in linguistic theory 300 $aDescription based upon print version of record. 311 $a90-272-0903-0 327 $aCOMPONENTIAL ANALYSIS; Editorial page; Title page; Copyright page; PREFACE; Table of contents; 0.0. INTRODUCTION; 1.0. PHONOLOGICAL EXTENSION SYSTEMS; 2.0. MONOMORPHEMIC COMPONENTIAL PHONOLOGY; 3.0. POLYMORPHEMIC COMPONENTIAL PHONOLOGY; 4.0. FURTHER ISSUES CONCERNING THE APPLICATION OF RULES; 5.0. SUMMARY; FOOTNOTES; REFERENCES; INDEXOF TECHNICAL TER 330 $aThe aim of this essay is to present a phonological analysis of Lushai, a Tibeto-Burman language spoken in the Mizoram province of India, in terms of componential features applying - as mutation rules - to the morphophonological level. An analysis of this nature becomes possible if the concepts of phonological extension systems and redundancy-free representations are introduced. Alongside with the phonemic aspect, a semantic analysis of morpheme structure is required yielding the smallest significant units at different morphological or syntactic levels. Though based on criteria implying concept 410 0$aAmsterdam studies in the theory and history of linguistic science.$nSeries IV,$pCurrent issues in linguistic theory 606 $aComponential analysis (Linguistics) 606 $aLushai language -- Grammar, Generative 606 $aLushai language -- Phonology 606 $aLushai language$xPhonology 606 $aLushai language$xGrammar, Generative 606 $aComponential analysis (Linguistics) 606 $aLanguages & Literatures$2HILCC 606 $aEast Asian Languages & Literatures$2HILCC 608 $aElectronic books. 615 4$aComponential analysis (Linguistics). 615 4$aLushai language -- Grammar, Generative. 615 4$aLushai language -- Phonology. 615 0$aLushai language$xPhonology 615 0$aLushai language$xGrammar, Generative 615 0$aComponential analysis (Linguistics) 615 7$aLanguages & Literatures 615 7$aEast Asian Languages & Literatures 676 $a495 676 $a495.4 700 $aWeidert$b Alfons$0653950 801 0$bAU-PeEL 801 1$bAU-PeEL 801 2$bAU-PeEL 906 $aBOOK 912 $a9910457432403321 996 $aComponential analysis of Lushai phonology$91169502 997 $aUNINA LEADER 03041nam 2200421 450 001 9910648576803321 005 20230818145113.0 035 $a(CKB)5680000000300509 035 $a(NjHacI)995680000000300509 035 $a(EXLCZ)995680000000300509 100 $a20230515d2023 uy 0 101 0 $aeng 135 $aur||||||||||| 181 $ctxt$2rdacontent 182 $cc$2rdamedia 183 $acr$2rdacarrier 200 00$aSugar, spice, and the not so nice $ecomics picturing girlhood /$fedited by Dona Pursall, Eva Van de Wiele 210 1$aLeuve :$cLeuven University Press,$d[2023] 210 4$dİ2023 215 $a1 online resource (250 pages) 225 1 $aStudies in European comics and graphic novels 300 $aIncludes index. 311 $a94-6270-030-3 330 $aGirls, gender and identity in comics. Sugar, Spice, and the Not So Nice offers an innovative, wide-ranging and geographically diverse book-length treatment of girlhood in comics. The various contributing authors and artists provide novel insights into established themes within comics studies, children's comics, graphic medicine and comics by and about refugees and marginalised ethnic or cultural groups. The book enriches traditional historical, narratological and aesthetic approaches to studying girlhood in comics with practice-based research, discussion and conversation. This re-examination of girls, gender and identity in comics connects with contemporary discourse on gender identity politics. Through examples from both within Europe, the anglophone world and beyond, and including visual essays alongside critical theory, the volume furthermore engages with new developments in contemporary comics scholarship. It will therefore appeal to students and scholars of childhood studies, comics scholars and creators, and those interested in addressing gender identity through the prism of comics. Contributors: Mel Gibson (Northumbria University), Martha Newbigging (Seneca College), Mari?a Porras Sa?nchez (Complutense University of Madrid), JoAnn Purcell (York University and Seneca College), Benoi?t Glaude (Ghent University/University of Louvain), Sylvain Lesage (University of Lille), Joan Ormrod (Manchester Metropolitan University), Aswathy Senan (The Research Collective Delhi), Michel De Dobbeleer (Ghent University), Se?bastien Conard (KASK Ghent School of Arts and LUCA Brussels), Marthine Bertiot (University of Edinburgh), Julia Round (Bournemouth University) Ebook available in Open Access. This publication is GPRC-labeled (Guaranteed Peer-Reviewed Content). 410 0$aStudies in European comics and graphic novels. 606 $aGirls in literature 610 $absup. 610 $ategneserier. 615 0$aGirls in literature. 676 $a813.409352352 702 $aPursall$b Dona 702 $aVan de Wiele$b Eva 801 0$bNjHacI 801 1$bNjHacl 906 $aBOOK 912 $a9910648576803321 996 $aSugar, Spice, and the Not So Nice$93012184 997 $aUNINA